Red Indians
| Main Author: | |
|---|---|
| Format: | Book |
| Published: |
Oxford :
Basil Blackwell ,
1973
|
| Subjects: |
MARC
| LEADER | 00000cam a2200000 7i4500 | ||
|---|---|---|---|
| 001 | 0000000559 | ||
| 002 | 000000646 | ||
| 005 | 20000330.0 | ||
| 020 | |a T000000144 | ||
| 090 | 0 | 0 | |a 572.973 |b THO |
| 100 | 1 | |a THOMPSON, T.A | |
| 245 | 1 | 0 | |a Red Indians |c T.A Thompson |
| 260 | |a Oxford : |b Basil Blackwell , |c 1973 | ||
| 300 | |a 63p | ||
| 650 | 0 | 0 | |a Red Indians |x Juvenile literature |
| 999 | |a 11934 |b BUKU |c JUNIOR BOOKS |e PERPUSTAKAAN KOMUNITI PETALING JAYA | ||